00538nam a22001577a 4500003001100000008004100011040003900052041000800091082001600099111008300115245002500198260005100223300003200274650004300306650003100349LK-CoMWRAF240611b |||||||| |||| 00| 0 eng d aLK-CoMWRAFdLK-CoMWRAFeLK-CoMWRAF aeng a305.42bWOM aTENTH NATIONAL CONVENTION ON WOMEN'S STUDIES c( Colombo, d2-6 th April 2006) aSESSION XVI:bCinema aColombo: bCentre for Women's Research, c2006 a7 p.bBibliography included aWOMEN'S STUDIES- Sri Lanka- Congresses aGender roles-Action movies